La fonction de la memoire et le souvenir affectif / (Record no. 116499)

MARC details
000 -LEADER
campo de control de longitud fija 00447nam a2200157 4500
001 - NÚMERO DE CONTROL
campo de control 116499
003 - IDENTIFICADOR DE NÚMERO DE CONTROL
campo de control ES-MaACL
005 - FECHA Y HORA DE LA ÚLTIMA TRANSACCIÓN
campo de control 20230906190722.0
007 - CAMPO FIJO DE DESCRIPCIÓN FÍSICA--INFORMACIÓN GENERAL
campo de control de longitud fija t|
008 - DATOS DE LONGITUD FIJA--INFORMACIÓN GENERAL
campo de control de longitud fija 061121s1904 fr r ||||1| fre d
100 1# - ENTRADA PRINCIPAL--NOMBRE DE PERSONA
Nombre de persona Paulhan, Frédéric (
Fechas asociadas al nombre 1856-1931)
9 (RLIN) 89647
245 13 - MENCIÓN DEL TÍTULO
Título La fonction de la memoire et le souvenir affectif /
Mención de responsabilidad, etc. par Fr. Paulhan.
260 ## - PUBLICACIÓN, DISTRIBUCIÓN, ETC.
Lugar de publicación, distribución, etc. Paris :
Nombre del editor, distribuidor, etc. Alcan,
Fecha de publicación, distribución, etc. 1904.
300 ## - DESCRIPCIÓN FÍSICA
Extensión 179 p. ;
Dimensiones 18 cm.
852 ## - LOCALIZACIÓN
Ubicación ES-MaACL
Número de control de estantería F-11718
Holdings
Estatus retirado Estado de pérdida Estado de daño No para préstamo Biblioteca de origen Biblioteca actual Ubicación en estantería Fecha de adquisición Fuente de adquisición Total de préstamos Signatura topográfica completa Código de barras Visto por última vez Precio de reemplazo Tipo de ítem Koha
        Biblioteca del Ateneo de Madrid Biblioteca del Ateneo de Madrid Sala Pecera Planta 2 17/01/2008     F-11718 1121481 23/02/2023 23/02/2023 Libro impreso